LIBRARY ONLINE CATALOGUE

Microeconomics / (Record no. 12251)

MARC details
000 -LEADER
fixed length control field 00677nam a22002292 4500
001 - CONTROL NUMBER
control field 0000024891
005 - DATE AND TIME OF LATEST TRANSACTION
control field 20151217155237.0
008 - FIXED-LENGTH DATA ELEMENTS--GENERAL INFORMATION
fixed length control field 140323s xx 000 0 eng d
020 ## - INTERNATIONAL STANDARD BOOK NUMBER
International Standard Book Number 0077121775 :
040 ## - CATALOGING SOURCE
Original cataloging agency KABU
Transcribing agency KABU
100 1# - MAIN ENTRY--PERSONAL NAME
Personal name Morgan, Wyn.
-- 0000185151
245 10 - TITLE STATEMENT
Title Microeconomics /
Statement of responsibility, etc. Wyn Morgan, Michael Katz & Harvey Rosen.
250 ## - EDITION STATEMENT
Edition statement 2nd ed.
260 ## - PUBLICATION, DISTRIBUTION, ETC. (IMPRINT)
Place of publication, distribution, etc. New York :
Name of publisher, distributor, etc. McGraw-Hill,
Date of publication, distribution, etc. 2009.
300 ## - PHYSICAL DESCRIPTION
Extent xxvi, 749 p.
650 #0 - SUBJECT ADDED ENTRY--TOPICAL TERM
Topical term or geographic name as entry element Microeconomics.
-- 0000149944
700 1# - ADDED ENTRY--PERSONAL NAME
Personal name Katz, Michael.
-- 0000185152
700 1# - ADDED ENTRY--PERSONAL NAME
Personal name Rosen, Harvey.
-- 0000185153
852 1# - LOCATION
-- p4340 KES
908 ## - PUT COMMAND PARAMETER (RLIN)
Put command parameter 140323
950 ## - LOCAL HOLDINGS (RLIN)
-- 1
Holdings
Withdrawn status Lost status Source of classification or shelving scheme Not for loan Home library Current library Date acquired Total Checkouts Full call number Barcode Checked out Date last seen Date last checked out Price effective from Koha item type
    Library of Congress Classification   Kabarak, Main Campus Kabarak, Main Campus 17/12/2015 9 HB172 .M67 2009 c. 1 017881 04/10/2024 18/09/2024 18/09/2024 17/12/2015 General Collection